70's TV - Finish The Title - Statistics

General Stats
  • This quiz has been taken 63 times
  • The average score is 4 of 15
Answer Stats
Hint Answer % Correct
Sesame _____ Street
98%
Upstairs __________ Downstairs
60%
McMillan And ____ Wife
50%
Blake's _____ Seven
38%
Tales Of The __________ Unexpected
35%
Celebrity _______ Squares
29%
Here Come The Double _______ Deckers
23%
Van Der ____ Valk
23%
Space ____ 1999
21%
The Cuckoo _____ Waltz
21%
The Golden ____ Shot
19%
Rock ______ Follies
13%
Junior ________ Showtime
10%
The Main ______ Chance
6%
A Raging ____ Calm
2%
No matching quizzes found
Score Distribution
Percent of People with Each Score
Percentile by Number Answered
Your Score History
You have not taken this quiz